000 00576cam a2200193 4500500
005 20260405002905.0
041 _afre
042 _adc
100 1 0 _aPortevin, Catherine
_eauthor
245 0 0 _aPendant que j’y pense / mars 2019
260 _c2019.
500 _a8
690 _aCatherine Portevin
690 _aMichel Serres
690 _aMorale
690 _aRire
786 0 _nPhilosophie magazine | 127 | 3 | 2019-03-01 | p. 39-39 | 1951-1787
856 4 1 _uhttps://shs.cairn.info/magazine-philosophie-magazine-2019-3-page-39?lang=fr&redirect-ssocas=7080
999 _c2062175
_d2062175